000 00806cam a2200253 i 4500
001 1261357
003 ARRUPE
005 20140912142117.0
008 770620s1977 gau b 001 0 eng
010 _a 74018584
020 _a0820303763 :
_c$14.50
040 _aDLC
_cDLC
_dDLC
050 0 0 _aJC179.R9
_bL45
082 0 0 _a301.5/92/0924
100 1 _aLemos, Ramon M.,
_d1927-
_911290
245 1 0 _aRousseau's political philosophy :
_ban exposition and interpretation /
_cRamon M. Lemos.
260 _aAthens :
_bUniversity of Georgia Press,
_cc1977.
300 _ax, 262 p. ;
_c24 cm.
500 _aIncludes index.
504 _aBibliography: p. [253]-254.
600 1 0 _aRousseau, Jean-Jacques,
_d1712-1778.
_911291
906 _a7
_bcbc
_corignew
_d2
_eocip
_f19
_gy-gencatlg
942 _2lcc
_cMONOGRAPH
999 _c120847
_d120847